[Event "British Chess Championships 2023: AM Tournament U1600"]
[Site "De Montfort University, 20 Western Boulevard, Leicester, LE2 7BU"]
[Date "2023.07.28"]
[Round "5"]
[Board "7"]
[White "Tomy, Jake"]
[Black "Joseph, Tomy"]
[Result "0-1"]
[WhiteElo "1540"]
[BlackElo "1549"]
[PlyCount "64"]
[EventDate "2023.07.24"]
[EventRounds "6"]
[EventCountry "ENG"]

1. e4 e5 2. Nf3 Nc6 3. d4 exd4 4. Nxd4 Qh4 5. Nc3 Bb4 6. Qd3 Nf6 7. Bd2 Bxc3 8. bxc3
Nxe4 9. g3 Qe7 10. Bg2 Nxg3+ 11. Qe3 Qxe3+ 12. Bxe3 Nxh1 13. Bxh1 O-O 14. O-O-O Re8
15. Rg1 Ne5 16. Nb5 Rb8 17. Nxc7 Re7 18. Bf4 Ng6 19. Bd6 Re2 20. Kd1 Rxf2 21. Nb5
Ra8 22. Nc7 Rb8 23. Nd5 Ra8 24. Ke1 Rxc2 25. a3 b5 26. Ne7+ Nxe7 27. Bxe7 Rc1+ 28.
Kf2 Rxg1 29. Kxg1 Rb8 30. Bd6 Rb6 31. Bc5 Rg6+ 32. Bg2 Bb7  0-1

[Event "British Chess Championships 2023: AM Tournament U1600"]
[Site "De Montfort University, 20 Western Boulevard, Leicester, LE2 7BU"]
[Date "2023.07.28"]
[Round "5"]
[Board "8"]
[White "Revitt, Ian"]
[Black "Gilbert, David J"]
[Result "0-1"]
[WhiteElo "1417"]
[BlackElo "1603"]
[PlyCount "62"]
[EventDate "2023.07.24"]
[EventRounds "6"]
[EventCountry "ENG"]

1. d4 Nf6 2. Bf4 c5 3. dxc5 e6 4. Nf3 Bxc5 5. e3 O-O 6. Bd3 Nc6 7. a3 d6 8. Be2 Qb6
9. Qc1 d5 10. O-O Nh5 11. Be5 Nxe5 12. Nxe5 Nf6 13. Nd3 Bd6 14. Nd2 e5 15. Rb1 Bf5
16. b4 Rac8 17. Qb2 Qc7 18. Ne1 e4 19. g3 Bh3 20. Ng2 Qxc2 21. Qxc2 Rxc2 22. Rfd1
Bd7 23. Kf1 Ba4 24. Ke1 Rfc8 25. Nb3 R2c3 26. Rdc1 Bxb3 27. Rxc3 Rxc3 28. Kd2 Rc2+
29. Ke1 Bc4 30. Bxc4 Rxc4 31. Rd1 b5  0-1

[Event "British Chess Championships 2023: AM Tournament U1600"]
[Site "De Montfort University, 20 Western Boulevard, Leicester, LE2 7BU"]
[Date "2023.07.28"]
[Round "5"]
[Board "9"]
[White "Brown, Stephanie"]
[Black "Jestico, John V"]
[Result "0-1"]
[WhiteElo "1406"]
[BlackElo "1466"]
[PlyCount "114"]
[EventDate "2023.07.24"]
[EventRounds "6"]
[EventCountry "ENG"]

1. d4 Nf6 2. c4 d5 3. cxd5 g6 4. Nc3 Nxd5 5. e4 Nxc3 6. bxc3 Bg7 7. Nf3 c5 8. Bb5+
Bd7 9. Qa4 a6 10. Bxd7+ Qxd7 11. Qxd7+ Nxd7 12. Be3 O-O 13. O-O b5 14. dxc5 Rac8
15. Rfd1 Nf6 16. Nd2 Ng4 17. Nb3 Bxc3 18. Rac1 b4 19. Bd4 Bxd4 20. Rxd4 Ne5 21. f3
Nc6 22. Rdc4 Rfd8 23. R1c2 a5 24. Nxa5 Nxa5 25. Rxb4 Rb8 26. Rb6 Rxb6 27. cxb6 Rb8
28. Rc5 Nb7 29. Rc7 Kf8 30. a4 Ke8 31. Rc1 Na5 32. Rc5 Nb7 33. Rb5 Ra8 34. Rb4 Kd8
35. Kf2 Kc8 36. Ke3 Kb8 37. Kd4 Nd8 38. Kc5 Ra5+ 39. Kc4 Nc6 40. Rb1 Kb7 41. Kb3
Kxb6 42. Ka3+ Kc7 43. Rc1 e5 44. g4 g5 45. h3 Kb7 46. Rc4 Kb6 47. Kb3 Rc5 48. Rxc5
Kxc5 49. Kc3 Na5 50. Kd3 Kb4 51. Ke3 Kxa4 52. Kf2 Nc4 53. Kg3 h6 54. h4 Kb4 55. h5
Kc3 56. f4 exf4+ 57. Kf3 Kd4  0-1

[Event "British Chess Championships 2023: AM Tournament U1600"]
[Site "De Montfort University, 20 Western Boulevard, Leicester, LE2 7BU"]
[Date "2023.07.28"]
[Round "5"]
[Board "10"]
[White "Chu, Yin"]
[Black "Walsh, Shaun"]
[Result "1-0"]
[WhiteElo "1462"]
[BlackElo "1323"]
[PlyCount "59"]
[EventDate "2023.07.24"]
[EventRounds "6"]
[EventCountry "ENG"]

1. d4 Nf6 2. c4 e6 3. Nf3 b6 4. a3 Bb7 5. Bf4 d6 6. Nc3 Be7 7. Qc2 O-O 8. e4 h6 9.
Bd3 Nbd7 10. O-O Nh5 11. Bg3 Nxg3 12. hxg3 Nf6 13. Rad1 Ng4 14. Rfe1 Bg5 15. Nxg5
Qxg5 16. Qc1 Qxc1 17. Rxc1 Nf6 18. Nb5 Rfc8 19. d5 a6 20. Nd4 Re8 21. Re2 Re7 22.
e5 dxe5 23. Rxe5 Rae8 24. Rce1 Nd7 25. R5e3 Nc5 26. Bc2 Kf8 27. b4 Nd7 28. dxe6 fxe6
29. Bg6 Rd8 30. Nxe6+  1-0

[Event "British Chess Championships 2023: AM Tournament U1600"]
[Site "De Montfort University, 20 Western Boulevard, Leicester, LE2 7BU"]
[Date "2023.07.29"]
[Round "6"]
[Board "1"]
[White "Pride, Stephen C"]
[Black "Mathur, Vihaan"]
[Result "1/2-1/2"]
[WhiteElo "1584"]
[BlackElo "1601"]
[PlyCount "54"]
[EventDate "2023.07.24"]
[EventRounds "6"]
[EventCountry "ENG"]

1. d4 d5 2. Bf4 Nf6 3. Nc3 c6 4. e3 Bf5 5. Bd3 Bg4 6. Be2 Bxe2 7. Qxe2 Qb6 8. Rb1
Ne4 9. Nxe4 dxe4 10. Qd2 Nd7 11. Ne2 Nf6 12. O-O e6 13. c4 Rd8 14. Qc2 c5 15. Rfd1
Be7 16. dxc5 Qxc5 17. Rxd8+ Bxd8 18. Rd1 e5 19. Bg5 Qc6 20. Bxf6 Bxf6 21. Ng3 O-O
22. Nxe4 Be7 23. b3 f5 24. Nc3 f4 25. Nd5 Bd6 26. exf4 exf4 27. Re1 Re8  1/2-1/2

[Event "British Chess Championships 2023: AM Tournament U1600"]
[Site "De Montfort University, 20 Western Boulevard, Leicester, LE2 7BU"]
[Date "2023.07.29"]
[Round "6"]
[Board "2"]
[White "Dunne, David C"]
[Black "Vyas, Rayaan"]
[Result "0-1"]
[WhiteElo "1448"]
[BlackElo "1213"]
[PlyCount "116"]
[EventDate "2023.07.24"]
[EventRounds "6"]
[EventCountry "ENG"]

1. e4 c5 2. Nf3 d6 3. d4 cxd4 4. Nxd4 Nf6 5. Nc3 g6 6. Be3 Bg7 7. f3 Nc6 8. Qd2 O-O
9. Bc4 Bd7 10. O-O-O Rc8 11. Bb3 Na5 12. h4 h5 13. Rhg1 Nc4 14. Bxc4 Rxc4 15. g4
hxg4 16. h5 Nxh5 17. fxg4 Nf6 18. g5 Nh5 19. Nf3 Qa5 20. Bd4 Rfc8 21. Bxg7 Nxg7 22.
e5 Rxc3 23. bxc3 Qa3+ 24. Kb1 Be6 25. c4 Rxc4 26. c3 Ra4 27. Nd4 Bxa2+ 28. Kc2 Nf5
29. Qc1 Nxd4+ 30. Rxd4 Bb3+ 31. Kd2 Rxd4+ 32. cxd4 Qa5+ 33. Ke3 dxe5 34. Qc8+ Kg7
35. Qc5 Qxc5 36. dxc5 a5 37. Rg4 f6 38. gxf6+ exf6 39. Kd3 f5 40. Rg1 f4 41. Ke4
Kf6 42. Rc1 Ba4 43. Ra1 Bc6+ 44. Kd3 e4+ 45. Ke2 Bb5+ 46. Kf2 a4 47. Rd1 e3+ 48.
Kf3 Ke5 49. Rd6 g5 50. Rg6 Kf5 51. Rg8 Bc6+ 52. Ke2 Kg4 53. Rg7 a3 54. Rg8 Bf3+ 55.
Ke1 b5 56. cxb6 a2 57. Rd8 a1=Q+ 58. Rd1 Qxd1#  0-1

[Event "British Chess Championships 2023: AM Tournament U1600"]
[Site "De Montfort University, 20 Western Boulevard, Leicester, LE2 7BU"]
[Date "2023.07.29"]
[Round "6"]
[Board "3"]
[White "Mehrgan, Mehrsam"]
[Black "Finlay, Liam"]
[Result "1-0"]
[WhiteElo "1118"]
[BlackElo "1256"]
[PlyCount "61"]
[EventDate "2023.07.24"]
[EventRounds "6"]
[EventCountry "ENG"]

1. Nf3 Nf6 2. d4 d5 3. c4 e6 4. Nc3 Be7 5. Bf4 O-O 6. e3 Nbd7 7. Bd3 dxc4 8. Bxc4
a6 9. O-O b5 10. Bb3 Bb7 11. Re1 c5 12. Bc2 cxd4 13. exd4 Qb6 14. Qd3 Rfd8 15. Be3
Qc7 16. Rac1 g6 17. Bg5 Qb8 18. Qe2 Re8 19. Ne4 Nxe4 20. Bxe4 Bxe4 21. Qxe4 Bxg5
22. Nxg5 Nf6 23. Qf3 Kg7 24. Re5 Qa7 25. Rec5 Re7 26. h3 Rd8 27. Qf4 Red7 28. Rc7
Rxc7 29. Rxc7 Rxd4 30. Nxe6+ Kg8 31. Rc8+  1-0

[Event "British Chess Championships 2023: AM Tournament U1600"]
[Site "De Montfort University, 20 Western Boulevard, Leicester, LE2 7BU"]
[Date "2023.07.29"]
[Round "6"]
[Board "4"]
[White "Joseph, Tomy"]
[Black "Miles, Barry S"]
[Result "1-0"]
[WhiteElo "1549"]
[BlackElo "1407"]
[PlyCount "63"]
[EventDate "2023.07.24"]
[EventRounds "6"]
[EventCountry "ENG"]

1. e4 c5 2. Nf3 e6 3. c3 d5 4. e5 Nc6 5. d4 Qc7 6. Be2 cxd4 7. cxd4 Bb4+ 8. Nc3 Nge7
9. O-O O-O 10. Bd2 a6 11. Rc1 Qa5 12. a3 Bxc3 13. Rxc3 Qd8 14. Bd3 Nf5 15. Bxf5 exf5
16. Ng5 f6 17. Nxh7 Kxh7 18. Qh5+ Kg8 19. Rh3 Qe7 20. exf6 Qxf6 21. Qh7+ Kf7 22.
Rh6 Qxd4 23. Qg6+ Kg8 24. Qh7+ Kf7 25. Bc3 Qg4 26. Rf6+ Ke8 27. Re1+ Ne7 28. Rxf8+
Kxf8 29. Bb4 Kf7 30. Rxe7+ Kf6 31. h3 Be6 32. hxg4  1-0

[Event "British Chess Championships 2023: AM Tournament U1600"]
[Site "De Montfort University, 20 Western Boulevard, Leicester, LE2 7BU"]
[Date "2023.07.29"]
[Round "6"]
[Board "5"]
[White "Fraser, Chris A"]
[Black "Chadwick, Susan E"]
[Result "0-1"]
[WhiteElo "1508"]
[BlackElo "1455"]
[PlyCount "122"]
[EventDate "2023.07.24"]
[EventRounds "6"]
[EventCountry "ENG"]

1. e4 c6 2. d4 d5 3. e5 c5 4. Nf3 Bg4 5. dxc5 e6 6. b4 Nc6 7. Bb5 a6 8. Bxc6+ bxc6
9. c3 Be7 10. Be3 Nh6 11. Nbd2 O-O 12. h3 Bxf3 13. Nxf3 Nf5 14. Bd4 a5 15. a3 Qc7
16. O-O Ra7 17. Qd3 axb4 18. cxb4 Ra4 19. Bb2 Rfa8 20. Rfe1 Qb7 21. Qc3 Qb5 22. Rac1
f6 23. Qd2 fxe5 24. Nxe5 Bf6 25. Ra1 Re8 26. Qe2 Qb7 27. Qd3 Raa8 28. Re2 Rac8 29.
a4 Qxb4 30. Qc3 Qb7 31. a5 Qa6 32. Qd3 Qxd3 33. Nxd3 Bxb2 34. Rxb2 Ra8 35. Ne5 Ra6
36. Rb6 Rea8 37. Nxc6 d4 38. Nb8 Rxa5 39. Rxa5 Rxa5 40. Rxe6 Rxc5 41. Nd7 Rd5 42.
Ne5 h6 43. Nd3 Ra5 44. Kf1 Ra2 45. Ke1 Kf7 46. Re4 Ra6 47. g4 Nh4 48. Rxd4 Nf3+ 49.
Ke2 Nxd4+ 50. Ke3 Nc2+ 51. Kf4 Ra5 52. Ne5+ Ke6 53. Nc6 Rc5 54. Nd8+ Kf6 55. Nb7
Rc6 56. h4 Nd4 57. Kg3 Rc3+ 58. Kh2 Rd3 59. Nc5 Rd1 60. Ne4+ Ke5 61. Ng3 Rd3  0-1

[Event "British Chess Championships 2023: AM Tournament U1600"]
[Site "De Montfort University, 20 Western Boulevard, Leicester, LE2 7BU"]
[Date "2023.07.29"]
[Round "6"]
[Board "6"]
[White "Gilbert, David J"]
[Black "Jardine, Kenneth"]
[Result "0-1"]
[WhiteElo "1603"]
[BlackElo "1537"]
[PlyCount "60"]
[EventDate "2023.07.24"]
[EventRounds "6"]
[EventCountry "ENG"]

1. c4 e6 2. Nc3 d5 3. e3 Nf6 4. Nf3 c5 5. b3 Nc6 6. cxd5 exd5 7. d4 Be6 8. Bb2 Rc8
9. Be2 cxd4 10. Nxd4 Nxd4 11. Qxd4 a6 12. O-O Bc5 13. Qe5 Bd6 14. Qg5 O-O 15. Rac1
Be7 16. Qe5 Bd6 17. Qd4 Bc5 18. Qd3 Bd6 19. Bf3 Qd7 20. Ne2 Bf5 21. Qd2 Rfe8 22.
Bxf6 gxf6 23. Nd4 Be4 24. Rfe1 Kh8 25. Bxe4 Rxe4 26. Nf3 Rg8 27. Qc3 Be5 28. Nxe5
Rxe5 29. e4 Qg4 30. Qf3 Qxf3  0-1

[Event "British Chess Championships 2023: AM Tournament U1600"]
[Site "De Montfort University, 20 Western Boulevard, Leicester, LE2 7BU"]
[Date "2023.07.29"]
[Round "6"]
[Board "7"]
[White "Jestico, John V"]
[Black "Chu, Yin"]
[Result "1-0"]
[WhiteElo "1466"]
[BlackElo "1462"]
[PlyCount "121"]
[EventDate "2023.07.24"]
[EventRounds "6"]
[EventCountry "ENG"]

1. c4 d6 2. Nc3 Nf6 3. g3 g6 4. Bg2 Bg7 5. d4 O-O 6. e4 e5 7. dxe5 dxe5 8. Bg5 h6
9. Qxd8 Rxd8 10. Bxf6 Bxf6 11. Nd5 Rxd5 12. cxd5 Bg4 13. Bh3 h5 14. Bxg4 hxg4 15.
Rc1 Na6 16. Ne2 Be7 17. O-O c6 18. dxc6 bxc6 19. a3 Nc5 20. Rc4 Rc8 21. b4 Nb3 22.
Rd1 a5 23. Rd7 Bd8 24. Nc3 axb4 25. axb4 c5 26. bxc5 Bb6 27. Na4 Bxc5 28. Nxc5 Rxc5
29. Rxc5 Nxc5 30. Rd5 Nxe4 31. Rxe5 Nf6 32. Kg2 Kh7 33. Ra5 Kg7 34. Kf1 Kh6 35. Ke2
Kg7 36. Ke3 Kh6 37. Kf4 g5+ 38. Ke5 Ng8 39. Kf5 f6 40. Ra6 Kh5 41. Ra7 Nh6+ 42. Kxf6
Ng8+ 43. Ke5 Nh6 44. Ke6 Ng8 45. Ra8 Nh6 46. Ra3 Kg6 47. Ke5 Nf7+ 48. Kd4 Nh6 49.
Ke4 Kh5 50. f3 Ng8 51. Ra6 gxf3 52. Kxf3 Nh6 53. Ra5 Kg6 54. g4 Nf7 55. Ra6+ Kg7
56. Ke4 Nh6 57. Rxh6 Kxh6 58. Kf5 Kh7 59. Kxg5 Kg7 60. h4 Kh7 61. h5  1-0

[Event "British Chess Championships 2023: AM Tournament U1600"]
[Site "De Montfort University, 20 Western Boulevard, Leicester, LE2 7BU"]
[Date "2023.07.29"]
[Round "6"]
[Board "8"]
[White "Rattray, Roland"]
[Black "Revitt, Ian"]
[Result "1/2-1/2"]
[WhiteElo "1555"]
[BlackElo "1417"]
[PlyCount "82"]
[EventDate "2023.07.24"]
[EventRounds "6"]
[EventCountry "ENG"]

1. e4 c5 2. Nc3 Nc6 3. f4 g6 4. Nf3 Bg7 5. Be2 a6 6. O-O d6 7. a3 e6 8. Qe1 Nd4 9.
Qd1 Nxe2+ 10. Nxe2 Ne7 11. d3 Qb6 12. Kh1 Bd7 13. Rb1 Nc6 14. Be3 Nd4 15. b4 Nxf3
16. Rxf3 Qc7 17. bxc5 dxc5 18. Qg1 Rc8 19. c3 O-O 20. d4 cxd4 21. cxd4 Qa5 22. Bc1
Rc7 23. Rfb3 b5 24. Be3 Rc2 25. Qe1 Qxe1+ 26. Rxe1 Rfc8 27. Rbb1 Ra2 28. Ra1 Rcc2
29. Rxa2 Rxa2 30. Bc1 Rc2 31. e5 Bf8 32. Ng3 Bc6 33. Rg1 Bxg2+ 34. Rxg2 Rxc1+ 35.
Rg1 Rxg1+ 36. Kxg1 Bxa3 37. Kf1 Kf8 38. Ke1 Bc1 39. Ne2 Be3 40. Kd1 Ke7 41. Kc2 f6
 1/2-1/2

[Event "British Chess Championships 2023: AM Tournament U1600"]
[Site "De Montfort University, 20 Western Boulevard, Leicester, LE2 7BU"]
[Date "2023.07.29"]
[Round "6"]
[Board "9"]
[White "Tomy, Jake"]
[Black "Brown, Stephanie"]
[Result "1/2-1/2"]
[WhiteElo "1540"]
[BlackElo "1406"]
[PlyCount "221"]
[EventDate "2023.07.24"]
[EventRounds "6"]
[EventCountry "ENG"]

1. e4 c5 2. Nf3 Nc6 3. c3 d6 4. d4 cxd4 5. cxd4 Nf6 6. Nc3 g6 7. Be2 Bg7 8. O-O O-O
9. Bg5 Bg4 10. Qd2 Bxf3 11. Bxf3 Qb6 12. Be3 Qc7 13. Rac1 Rac8 14. d5 Ne5 15. Be2
Qa5 16. h3 Nc4 17. Bxc4 Rxc4 18. Rfe1 Rfc8 19. a3 a6 20. f3 Nd7 21. Na2 Qxd2 22.
Bxd2 Bxb2 23. Rxc4 Rxc4 24. Rb1 Rc2 25. Bh6 Nc5 26. Nb4 Bd4+ 27. Kh2 Rb2 28. Rc1
Rb3 29. Rc4 Bg7 30. Bg5 f6 31. Bc1 h5 32. f4 Kh7 33. Nc2 b5 34. Rb4 Rxb4 35. Nxb4
Nxe4 36. Nxa6 Nc3 37. Nc7 f5 38. Bd2 Ne4 39. Ba5 Bc3 40. Bb6 b4 41. axb4 Bxb4 42.
Na6 Bc3 43. Bd8 Bf6 44. Nb4 Nc3 45. Kg3 h4+ 46. Kf3 g5 47. fxg5 Bxg5 48. g4 hxg3
49. Kxg3 Kg6 50. Kf3 Kh5 51. Kg3 f4+ 52. Kg2 Kg6 53. Kf3 Kf5 54. Ba5 Ne4 55. Bd8
Nc3 56. Ba5 Ne4 57. Bd8 Ke5 58. Nd3+ Kxd5 59. Nxf4+ Bxf4 60. Bxe7 Ke5 61. Bxd6+ Nxd6
62. Ke2 Kf5 63. h4 Kg4 64. Kd3 Kxh4 65. Kd4 Kg5 66. Kd3 Kf5 67. Kd4 Ne4 68. Kd5 Be5
69. Kc4 Nd6+ 70. Kd5 Kf4 71. Ke6 Ke4 72. Kd7 Kd5 73. Ke7 Nf5+ 74. Kf7 Kd6 75. Kg6
Ke6 76. Kg5 Ne3 77. Kh4 Kf5 78. Kh3 Ke4 79. Kh4 Bf4 80. Kh5 Kf5 81. Kh4 Be5 82. Kh3
Kf4 83. Kh4 Bd4 84. Kh3 Kf3 85. Kh4 Kf4 86. Kh3 Bc5 87. Kh2 Kf3 88. Kg1 Ke2 89. Kh2
Kf2 90. Kh1 Ng2 91. Kh2 Ne3 92. Kh1 Nf5 93. Kh2 Ng3 94. Kh3 Kf3 95. Kh2 Bf2 96. Kh3
Be3 97. Kh2 Bd4 98. Kh3 Nf1 99. Kh4 Kf4 100. Kh3 Kf3 101. Kh4 Be3 102. Kh3 Bf4 103.
Kh4 Ng3 104. Kh3 Ne4 105. Kh4 Be5 106. Kh3 Nf2+ 107. Kh4 Ke4 108. Kg5 Nd3 109. Kg4
Bf4 110. Kh3 Kf3 111. Kh4  1/2-1/2